[Event "SVK-chT3B2 2122"]
[Site "Slovakia"]
[Date "2021.11.07"]
[Round "2.7"]
[White "Chrenko, David"]
[Black "Lasch, Filip"]
[Result "1-0"]
[WhiteElo "1562"]
[BlackElo "1425"]
[PlyCount "120"]
[EventDate "2021.10.24"]
[EventType "team-tourn"]
[EventRounds "11"]
[EventCountry "SVK"]
[SourceTitle "EXT 2023"]
[Source "ChessBase"]
[SourceDate "2022.10.05"]
[SourceVersion "1"]
[SourceVersionDate "2022.10.05"]
[SourceQuality "1"]
[WhiteTeam "Chynorany"]
[BlackTeam "Dubnica nad Vahom IV"]
[WhiteTeamCountry "SVK"]
[BlackTeamCountry "SVK"]

1. e4 d5 2. exd5 Qxd5 3. Nc3 Qd6 4. Nf3 Nf6 5. d4 a6 6. Bc4 Bg4 7. Be3 Nbd7 8. h3 Bh5 9. Be2 h6 10. Nd2 Bxe2 11. Qxe2 e6 12. a3 Be7 13. Qf3 0-0 14. Nc4 Qc6 15. Qxc6 bxc6 16. Na5 c5 17. 0-0-0 Nd5 18. Nxd5 exd5 19. dxc5 Bxc5 20. Bxc5 Nxc5 21. Rxd5 Ne6 22. Nc6 Nf4 23. Rd7 Ne6 24. Ne7+ Kh7 25. Nc6 a5 26. Re1 Ra6 27. Ne5 f6 28. Nc4 Rd8 29. Rxe6 Rxe6 30. Rxd8 Re2 31. Rd2 Re1+ 32. Rd1 Re2 33. Rf1 a4 34. Kd1 Re4 35. Ne3 g5 36. Kc1 Kg6 37. Rd1 Rf4 38. f3 h5 39. Nd5 Rc4 40. g3 f5 41. Re1 c6 42. Nb6 Rd4 43. Re6+ Kg7 44. Rxc6 g4 45. fxg4 h4 46. gxf5 hxg3 47. Rg6+ Kf7 48. Rxg3 Kf6 49. Rf3 Rh4 50. Nd7+ Ke7 51. Nc5 Kf6 52. Nd3 Re4 53. Kd2 Re7 54. Rf4 Rg7 55. h4 Rg2+ 56. Kc3 Re2 57. Rxa4 Re3 58. Rf4 Re7 59. b4 Rc7+ 60. Kb3 Rg7 1-0